Statistics for Commercial Airplanes By Picture

Click here to take the quiz!

General Stats

  • This quiz has been taken 24,053 times
  • The average score is 11 of 16

Answer Stats

Answer% Correct
Boeing 737
94%
Boeing 747
94%
Airbus A380
93%
Concorde
92%
Airbus A340
89%
Boeing 777
86%
Boeing 787
83%
Airbus A320
74%
Boeing 757
67%
McDonnell Douglas DC-10
64%
Boeing 727
61%
Airbus A350
56%
Boeing 767
54%
Airbus A330
53%
Bombardier CRJ
43%
Boeing 717
39%

Score Distribution

Percentile by Number Answered

Percent of People with Each Score

Your Score History

You have not taken this quiz